000 00334nam a22001337a 4500
082 _a894.812
_bKOC/M
100 _aKOCHUPARAMBIL, ZAVIER
245 _aMATHABODHANA SASTHRATHINU ORAMUGHAM
260 _aKOCHI
_bPASTORAL ORIENTATION CENTRE
_c1995
300 _a176
520 _aABOUT RELIGIOUS
650 _aABOUT RELIGIOUS
942 _cBK
999 _c5557
_d5557